Lákajú na pocit pohody

Pozíciu na slovenskom trhu si musí každá predajňa s nábytkom veľmi tvrdo vybojovať. Vždy je dôležité niečím sa líšiť. Výhodou je napr. originalita ponúkaných tovarov. Dôležitosť marketingu v predajni Casa Mia.

Saved in:
Bibliographic Details
Main Author: Palfiová, Anna
Format: Book Chapter
Language:Slovak
Subjects:
Tags: Add Tag
No Tags, Be the first to tag this record!

MARC

LEADER 00000naa a2200000 4500
001 0121753
005 20231128094839.7
041 0 |a slo 
044 |a SK 
245 1 0 |a Lákajú na pocit pohody  |c Anna Palfiová 
520 |a Pozíciu na slovenskom trhu si musí každá predajňa s nábytkom veľmi tvrdo vybojovať. Vždy je dôležité niečím sa líšiť. Výhodou je napr. originalita ponúkaných tovarov. Dôležitosť marketingu v predajni Casa Mia. 
610 2 0 |a predajne 
610 2 0 |a nábytok 
610 2 0 |a Slovensko 
100 1 |a Palfiová, Anna